PENILAIAN POTENSI SUMBER : (Record no. 27213)

000 -LEADER
fixed length control field 00719nam a22001937a 4500
003 - CONTROL NUMBER IDENTIFIER
control field OSt
005 - DATE AND TIME OF LATEST TRANSACTION
control field 20260421155112.0
008 - FIXED-LENGTH DATA ELEMENTS--GENERAL INFORMATION
fixed length control field 260421b ||||| |||| 00| 0 eng d
020 ## - INTERNATIONAL STANDARD BOOK NUMBER
International Standard Book Number 9786299896593
Qualifying information hardback
040 ## - CATALOGING SOURCE
Original cataloging agency JMG
Language of cataloging eng
Transcribing agency JMG
Description conventions rda
082 04 - DEWEY DECIMAL CLASSIFICATION NUMBER
Classification number 546.41
Item number 23
245 00 - TITLE STATEMENT
Title PENILAIAN POTENSI SUMBER :
Remainder of title UNSUR NADIR BUMI (REE) = RESOURCE POTENTIAL ASSESSMENT OF RARE EARTH EARTH ELEMENTS (REE)
260 ## - PUBLICATION, DISTRIBUTION, ETC.
Place of publication, distribution, etc. Alor Setar, Kedah :
Name of publisher, distributor, etc. Jabatan Mineral dan Geosains Malaysia,
Date of publication, distribution, etc. 2025
300 ## - PHYSICAL DESCRIPTION
Extent 47 pages :
Other physical details some colour illustrations ;
Dimensions 22 cm
650 10 - SUBJECT ADDED ENTRY--TOPICAL TERM
Topical term or geographic name entry element Rare earth metals
650 20 - SUBJECT ADDED ENTRY--TOPICAL TERM
Topical term or geographic name entry element Mines and mineral resources
650 20 - SUBJECT ADDED ENTRY--TOPICAL TERM
Topical term or geographic name entry element Geochemical prospecting
942 ## - ADDED ENTRY ELEMENTS (KOHA)
Source of classification or shelving scheme
Koha item type Books
Edition 23
Classification part 546.41
Holdings
Withdrawn status Lost status Source of classification or shelving scheme Damaged status Not for loan Collection code Permanent Location Current Location Date acquired Total Checkouts Full call number Date last seen Price effective from Koha item type
Available         Open Shelf JMG IBUPEJABAT JMG IBUPEJABAT 21/04/2026   546.41 PEN 21/04/2026 21/04/2026 Books